Premier League Trivia - Statistics

General Stats
  • This quiz has been taken 15 times
  • The average score is 13 of 15
Answer Stats
Question Answer % Correct
What is the only club to have a season without losing a game? Arsenal
100%
Which player has made the most appearances? James Milner
100%
Which goalkeeper has kept the most Premier League clean sheets, with 202? Petr Cech
100%
Who is the all-time leading Premier League goalscorer with 260 goals? Alan Shearer
93%
Which team has conceded the fewest goals in a single season, with 15? Chelsea
93%
Which club holds the record for the least points in a single season, at 11? Derby County
93%
Who has scored the most goals in a single Premier League season, with 36? Erling Haaland
93%
Which club holds the record for the most points in a season, with 100? Manchester City
93%
Which two players have won the most Premier League Golden Boot awards, with four? Thierry Henry & Mohamed Salah
93%
When did the Premier League being? 1992
87%
Which club won the first Premier League title? Manchester United
87%
Which club has won the most titles? Manchester United
80%
How many different clubs have won the premier league title? seven
80%
Who scored the fastest Premier League hat-trick, scoring three goals in 2 minutes and 56 seconds against Aston Villa in 2015? Sadio Mane
67%
Who scored the earliest goal in a match timed at just 7.69 seconds? Shane Long
53%
No matching quizzes found
Score Distribution
Percent of People with Each Score
Percentile by Number Answered
Your Score History
You have not taken this quiz